• 首页
  • 本馆介绍
  • 公告通知
  • 最新文献
  • 馆藏检索
  • 电子资源
  • 读者导购
  • 参考咨询
  • 我的图书馆
  • 登录
  • 详细信息显示
  • 放入我的书架
  • 预约/预借图书
  • 作者相关作品
  • 分类相关作品
  • 丛书相关作品
  • 出版社相关作品

书目信息

  • 表格格式
  • 工作单格式
  • 卡片格式
题名:
电力电子应用技术及发展研究
    
 
作者: 田娟 著
分册:  
出版信息: 北京   中国水利水电出版社  2018.9
页数: 304页
开本: 24cm
丛书名:
单 册:
中图分类: TM76
科图分类:
主题词: 电力电子技术--Dian Li Dian Zi Ji Shu--研究
电子资源:
ISBN: 978-7-5170-7017-7
000 00986nam0 2200265 45
001 012001000604
005 20131106133230.0
010    @a978-7-5170-7017-7@dCNY93.00
092    @aCN@b20190303K-0248
099    @aCAL 012019061142
100    @a20190509d2019 ekmy0chiy50 ea
101 0  @achi
102    @aCN@b110000
105    @aak a 000yy
106    @ar
200 1  @a电力电子应用技术及发展研究@ADian Li Dian Zi Ying Yong Ji Shu Ji Fa Zhan Yan Jiu@f田娟著
210    @a北京@c中国水利水电出版社@d2018.9
215    @a304页@c图@d24cm
320    @a有书目 (第303-304页)
330    @a本书从应用的角度出发,以定性分析为主,介绍了典型的电力电子器件的工作特点,分析了整流电路、直流-直流变换电路、交流-交流变换电路和逆变电路的工作原理,突出工程设计和应用技术,反映了当前技术发展的主流和趋势。
606 0  @a电力电子技术@ADian Li Dian Zi Ji Shu@x研究
690    @aTM76@v5
701  0 @a田娟@ATian Juan@4著
801  0 @aCN@b北京卓展文化@c20191020
905    @b1196468-70@dTM76@e7@f3
    
    电力电子应用技术及发展研究/田娟著.-北京:中国水利水电出版社,2018.9
    304页:图;24cm
    
    
    ISBN 978-7-5170-7017-7:CNY93.00
    本书从应用的角度出发,以定性分析为主,介绍了典型的电力电子器件的工作特点,分析了整流电路、直流-直流变换电路、交流-交流变换电路和逆变电路的工作原理,突出工程设计和应用技术,反映了当前技术发展的主流和趋势。
●
相关链接 在E读中查询图书 在五车中查询图书 在当当中查询图书 在豆瓣中查询图书


正题名:电力电子应用技术及发展研究     索取号:TM76/7         预约/预借

序号 登录号 条形码 馆藏地/架位号 状态 备注
1 1196468   211964686   第二样本阅览室/ [索取号:TM76/7] 在馆    
2 1196469   211964695   第三借阅区/ [索取号:TM76/7] 在馆    
3 1196470   211964702   第三借阅区/ [索取号:TM76/7] 在馆    
唐山师范学院图书馆 欢迎您!
大连网信软件有限公司© 版权所有